Suivez-vous attentivement les JO ? Médailles du 27 juillet - Statistiques

Statistiques générales
  • Ce quiz a été pris 6 fois
  • Le résultat moyen est 38 sur 41
Statistiques - réponses
Sport Date Discipline Pays France % Correct
Rugby à VII 27 juillet Bronze H Afrique-du-Sud
100%
Cyclisme 27 juillet Or F - Sur route - Contre la montre Australie France 4e
100%
Natation 27 juillet Argent H - 400 M nage libre Australie
100%
Natation 27 juillet Or H - 4X100 M nage libre Australie France 6e
100%
Natation 27 juillet Or F - 400 M nage libre Australie Pas de Français en finale
100%
Natation 27 juillet Or F - 4X100 M nage libre Australie France 6e
100%
Natation 27 juillet Bronze H - 4X100 M nage libre Chine
100%
Natation 27 juillet Bronze F - 4X100 M nage libre Chine
100%
Plongeon 27 juillet Or F - Tremplin 3 M synchronisé Chine France 8e
100%
Tir 27 juillet Or Mixte - carabine air comprimé 10 M Chine Pas de Français en finale
100%
Cyclisme 27 juillet Bronze F - Sur route - Contre la montre Etats-Unis
100%
Natation 27 juillet Argent H - 4X100 M nage libre Etats-Unis
100%
Natation 27 juillet Bronze F - 400 M nage libre Etats-Unis
100%
Natation 27 juillet Argent F - 4X100 M nage libre Etats-Unis
100%
Plongeon 27 juillet Argent F - Tremplin 3 M synchronisé Etats-Unis
100%
Rugby à VII 27 juillet Argent H Fidji
100%
Escrime 27 juillet Argent F - Epée individuel France
100%
Judo 27 juillet Argent H - Moins de 60 kilos France
100%
Judo 27 juillet Bronze F - Moins de 48 kilos France
100%
Rugby à VII 27 juillet Or H France
100%
Escrime 27 juillet Or F - Epée individuel Hong-Kong | Chine
100%
Cyclisme 27 juillet Argent H - Sur route - Contre la montre Italie
100%
Escrime 27 juillet Bronze H - Sabre individuel Italie
100%
Judo 27 juillet Bronze H - Moins de 60 kilos Japon
100%
Judo 27 juillet Or F - Moins de 48 kilos Japon
100%
Judo 27 juillet Or H - Moins de 60 kilos Kazakhstan
100%
Tir 27 juillet Bronze Mixte - carabine air comprimé 10 M Kazakhstan
100%
Cyclisme 27 juillet Argent F - Sur route - Contre la montre Royaume-Uni
100%
Plongeon 27 juillet Bronze F - Tremplin 3 M synchronisé Royaume-Uni
100%
Natation 27 juillet Or H - 400 M nage libre Allemagne Pas de Français en finale
80%
Cyclisme 27 juillet Or H - Sur route - Contre la montre Belgique France 15e
80%
Cyclisme 27 juillet Bronze H - Sur route - Contre la montre Belgique
80%
Escrime 27 juillet Or H - Sabre individuel Corée-du-Sud Pas de Français en finale
80%
Natation 27 juillet Bronze H - 400 M nage libre Corée-du-Sud
80%
Tir 27 juillet Argent Mixte - carabine air comprimé 10 M Corée-du-Sud
80%
Judo 27 juillet Bronze H - Moins de 60 kilos Espagne
80%
Judo 27 juillet Argent F - Moins de 48 kilos Mongolie
80%
Judo 27 juillet Bronze F - Moins de 48 kilos Suède
80%
Natation 27 juillet Argent F - 400 M nage libre Canada
60%
Escrime 27 juillet Bronze F - Epée individuel Hongrie
60%
Escrime 27 juillet Argent H - Sabre individuel Tunisie
40%
Aucun quiz correspondant
Distribution des résultats
% des personnes avec chaque résultat
Percentile par nombre de réponses
Votre historique - résultats
Vous n’avez pas pris ce quiz